|
|
|
|
| LEADER |
00000nam0a2200000 4500 |
| 001 |
134108 |
| 005 |
20231101220453.0 |
| 035 |
|
|
|a (RuTPU)RU\TPU\book\145358
|
| 090 |
|
|
|a 134108
|
| 100 |
|
|
|a 20080326d1980 km y0rusy50 ca
|
| 101 |
0 |
|
|a rus
|
| 102 |
|
|
|a RU
|
| 105 |
|
|
|a y z 001zy
|
| 200 |
1 |
|
|a Формирование советской научной интеллигенции (1917 - 1927 г. г.)
|f Л. В. Иванова
|g Академия наук СССР, Институт истории СССР
|
| 210 |
|
|
|a Москва
|c Наука
|d 1980
|
| 215 |
|
|
|a 392 с.
|
| 320 |
|
|
|9 572
|a Указ. имен: с. 385-391
|
| 320 |
|
|
|9 572
|a Библиография в ссылках
|
| 606 |
1 |
|
|a Интеллигенция в СССР
|2 stltpush
|3 (RuTPU)RU\TPU\subj\12811
|9 39527
|
| 610 |
1 |
|
|a научные кадры
|
| 610 |
1 |
|
|a формирование
|
| 610 |
1 |
|
|a 20 век
|
| 610 |
1 |
|
|a ученые
|
| 610 |
1 |
|
|a партийное руководство
|
| 610 |
1 |
|
|a подготовка
|
| 610 |
1 |
|
|a состав
|
| 610 |
1 |
|
|a творческая деятельность
|
| 686 |
|
|
|a Ф3(2)113
|2 rubbk
|
| 700 |
|
1 |
|a Иванова
|b Л. В.
|g Людмила Васильевна
|
| 712 |
0 |
2 |
|a Академия наук СССР
|b Институт истории СССР
|c (1968-1991)
|c (Москва)
|2 stltpush
|3 (RuTPU)RU\TPU\col\11069
|9 24964
|
| 801 |
|
1 |
|a RU
|b 63413507
|c 20080228
|g PSBO
|
| 801 |
|
2 |
|a RU
|b 63413507
|c 20210420
|g PSBO
|
| 942 |
|
|
|c BK
|